|
|
|
|
| LEADER |
00000nab a2200000uu 4500 |
| 001 |
vtls011142794 |
| 003 |
SK-MaSNL |
| 005 |
20260430134002.0 |
| 008 |
230222|1981 xo |||||||||||||||||rus| |
| 015 |
|
|
|a SNBRB
|
| 035 |
|
|
|a (urnnbn)urn:nbn:sk:snk:ar-008f2y
|
| 035 |
|
|
|a (uuid)6b3b9bf9-6af5-48f0-9ab3-c82b89724182
|
| 035 |
|
|
|a urn:nbn:sk:snk-abau6z
|
| 040 |
|
|
|a SNKBUCL
|b slo
|c SNKBUCL
|e AACR2
|
| 041 |
0 |
|
|a rus
|
| 044 |
|
|
|a xo
|c SK
|
| 100 |
1 |
|
|a Šima, Pavel,
|d 1931-2023
|4 aut
|9 104724
|
| 245 |
1 |
0 |
|a K voprosu o značenii kondicionala v slavjanskich jazykach
|c Pavel Šima
|
| 773 |
0 |
|
|t Zborník Filozofickej fakulty Univerzity Komenského
|g Roč. 32, č. 1 (1981), s. 87-96
|
| 958 |
|
|
|a OND
|
| 958 |
|
|
|a EUIPO
|
| 958 |
|
|
|a article14
|
| 999 |
|
|
|c 2004754
|d 2006684
|